Normal view
MARC view
Entry Personal Name
001 - CONTROL NUMBER
- control field: 13745
003 - CONTROL NUMBER IDENTIFIER
- control field: dpl
005 - DATE AND TIME OF LATEST TRANSACTION
- control field: 20100816110507.0
008 - FIXED-LENGTH DATA ELEMENTS
- fixed length control field: 100816|||a|||||| | ||| d
040 ## - CATALOGING SOURCE
- Original cataloging agency: dpl
- Transcribing agency: dpl
100 ## - HEADING--PERSONAL NAME
- Personal name:
670 ## - SOURCE DATA FOUND
- Source citation: Work cat.: (dpl)37063: ज्ञानेन्द्रपति 13743, संशयात्मा /, 2010
670 ## - SOURCE DATA FOUND
- Source citation: Work cat.: (dpl)37063: ज्ञानेन्द्रपति 13743, संशयात्मा /, 2010
